00341nam a2200133Ia 45000030006000000080041000060400015000471000026000622450041000882600045001293000006001745460010001800050017001900STCL150530s9999 xx 000 0 und d aSTCLcSTCL aSachidanant Vatsyayan aHindi Sahithya Ek Adhunik Paridrisya bRadhkrishna prakashn; Delhic1967aDelhi a0 aHindi20220125171312.0